| 000 | 00506nmm a2200193Ia 4500 | ||
|---|---|---|---|
| 008 | 251105s9999||||xx |||||||||||||||||und|| | ||
| 020 | _a9788415410836 | ||
| 041 | _aspa | ||
| 100 | _aBanks, Maya | ||
| 245 | 0 | _aFervor | |
| 264 |
_a[Madrid, España] : _bTerciopelo, _c2013 |
||
| 300 | _a400 páginas | ||
| 490 | _aTrilogía Sin aliento | ||
| 650 | _aErotic novel | ||
| 700 | _aBanks, Maya | ||
| 700 | 1 | _a Priego, Yuliss M. | |
| 856 | _uhttps://public.digitaliapublishing.com/a/31523 | ||
| 942 | _cCF | ||
| 999 |
_c62454 _d62454 |
||